000 00628nam a2200205Ii 4500
003 JO-AjNU
008 230605s9999||||xx |||||||||||||| ||und||
017 _a2006/4/964
040 _aJO-AjNU
_bara
_erda
_cJO-AjNU
041 _aara
050 1 4 _aPS648.S5 S8512 2004
100 3 _aالصمادي ،عامر ,
_eauthor
_924251
245 0 0 _aتسعة عشر
264 3 1 _aعمان :وزارة الثقافة ،2004
300 _a188ص
336 _atext
_btxt
_2rdacontent
337 _aunmediated
_bn
_2rdamedia
338 _avolume
_bnc
_2rdacarrier
650 4 _aالادب المترجم-القصص القصيرة
_924252
999 _aA8901
_c12469
_d12469